| 000 | 01475cam a22003613a 4500 | ||
|---|---|---|---|
| 001 | 2830 | ||
| 003 | FISKH | ||
| 005 | 20240116143252.0 | ||
| 008 | 940723s1994 nyu j 000 1 eng d | ||
| 010 | _a 2003586885 | ||
| 020 | _a0590477455 | ||
| 020 | _a9781407157467 | ||
| 035 | _a(OCoLC)ocm30821831 | ||
| 040 |
_aBIB _cBIB _dSLC _dDLC _beng |
||
| 042 | _alccopycat | ||
| 050 | 0 | 0 | _aCPB Box no. 2029 vol. 9 |
| 082 | _a813.6 | ||
| 100 | 1 | _aStine, R. L. | |
| 245 | 1 | 0 |
_aReturn of the mummy / _cR.L. Stine. |
| 250 | _aThis Edition published in 2015 | ||
| 260 |
_aNew York : _bScholastic , _c1994. |
||
| 300 |
_a118 p. ; _c20 cm. |
||
| 490 | 1 |
_aGoosebumps ; _vBook 23 |
|
| 505 | _aN | ||
| 520 | _aGet Goosebumps with the startling repackage of a best selling classic. Now with bonus materials! After last year's scary adventure, Gabe's a little nervous about being back in Egypt. Back near the ancient pyramids. Back where he saw all those creepy mummies. Then he learns about an Egyptian superstition. A secret chant that is supposed to bring mummies back to life. Gabe's uncle says it's just a hoax. But now it sounds like something's moving in the mummy's tomb. No way a couple of dumb words can wake the dead. | ||
| 521 | 8 |
_a560
_bLexile |
|
| 521 | 8 |
_aN
_bRaz-Plus |
|
| 650 | 0 | _aHorror Tales. | |
| 655 | 7 |
_aFantasy fiction. _2gsafd |
|
| 655 | 7 |
_aHorror fiction. _2gsafd |
|
| 906 |
_a7 _bcbc _ccopycat _d2 _encip _f20 _gy-genrareb |
||
| 942 |
_2ddc _cBK _n0 |
||
| 999 |
_c2830 _d2830 |
||